Retro furniture inspired / (Registro nro. 2513)
[ vista simple ]
| 000 -LEADER | |
|---|---|
| fixed length control field | 00986nam a2200253Ia 4500 |
| 003 - CONTROL NUMBER IDENTIFIER | |
| control field | PE SENCICO BE |
| 005 - DATE AND TIME OF LATEST TRANSACTION | |
| control field | 20251020182544.0 |
| 008 - FIXED-LENGTH DATA ELEMENTS--GENERAL INFORMATION | |
| fixed length control field | 200515s9999 xx 000 0 und d |
| 020 ## - INTERNATIONAL STANDARD BOOK NUMBER | |
| International Standard Book Number | 978-84-158298-35-50 |
| 040 ## - CATALOGING SOURCE | |
| Original cataloging agency | PE SENCICO BE |
| Transcribing agency | PE SENCICO BE |
| 041 ## - LANGUAGE CODE | |
| Language code of text/sound track or separate title | eng |
| 082 ## - DEWEY DECIMAL CLASSIFICATION NUMBER | |
| Classification number | 749 |
| Item number | I5 |
| 110 1# - MAIN ENTRY--CORPORATE NAME | |
| 9 (RLIN) | 238 |
| Corporate name or jurisdiction name as entry element | Instituto Monsa de Ediciones |
| 245 10 - TITLE STATEMENT | |
| Title | Retro furniture inspired / |
| Statement of responsibility, etc. | Instituto Monsa de Ediciones |
| 260 ## - PUBLICATION, DISTRIBUTION, ETC. | |
| Place of publication, distribution, etc. | Barcelona: |
| Name of publisher, distributor, etc. | Monsa, |
| Date of publication, distribution, etc. | 2013 |
| 300 ## - PHYSICAL DESCRIPTION | |
| Extent | 190 p. : |
| Other physical details | il. col., fotog. ; |
| Dimensions | 26 cm. |
| 500 ## - GENERAL NOTE | |
| General note | Texto en inglés. |
| 520 ## - SUMMARY, ETC. | |
| Summary, etc. | Describe el mueble clásico contemporáneo buscando preservar el estilo, la gracia, la armonía y la belleza que los caracteriza con los mismos principios y cuidados de entonces pero añadiendo mejoras técnicas. |
| 650 10 - SUBJECT ADDED ENTRY--TOPICAL TERM | |
| Topical term or geographic name entry element | Muebles |
| 9 (RLIN) | 239 |
| 650 20 - SUBJECT ADDED ENTRY--TOPICAL TERM | |
| Topical term or geographic name entry element | Muebles |
| General subdivision | ESTILOS |
| 9 (RLIN) | 239 |
| 650 20 - SUBJECT ADDED ENTRY--TOPICAL TERM | |
| Topical term or geographic name entry element | Muebles clásicos |
| 9 (RLIN) | 240 |
| 700 1# - ADDED ENTRY--PERSONAL NAME | |
| 9 (RLIN) | 193 |
| Personal name | Minguet, José María |
| Relator term | editor |
| 942 ## - ADDED ENTRY ELEMENTS (KOHA) | |
| Koha item type | Libros |
| Source of classification or shelving scheme | Dewey Decimal Classification |
| Classification part | 749 |
| Item part | I5 |
| Fecha de la última vez que lo usaron | Pago total | Signatura topográfica completa | Código de barras | Precio efectivo desde | Tipo de documento | Estado perdido | Sistema de clasificación | Estado dañado | No es para préstamo | Retirado | Ubicación permanente | Ubicación actual | Fecha de adquisición |
|---|---|---|---|---|---|---|---|---|---|---|---|---|---|
| 15/05/2020 | 749/I5 | Bib-Lima15052513 | 15/05/2020 | Libros | Dewey Decimal Classification | Biblioteca Central Lima | Biblioteca Central Lima | 15/05/2020 |